Statistiken für Größte deutsche Städte nach Buchstabe - U/V

Klicken Sie hier um das Quiz zu spielen!

Allgemein

  • Dieses Quiz wurde 3.566 mal gespielt
  • Das Durchschnittsergebnis liegt bei 4 aus 16

Antwortstatistiken

LandEinwohnerStadt% Korrekt
Baden-Württemberg126.405Ulm
96%
Baden-Württemberg85.686Villingen-Schwenningen
46%
NRW58.816Unna
43%
Bayern25.234Unterhaching
30%
Niedersachsen32.894Vechta
29%
NRW77.376Viersen
28%
Niedersachsen27.636Verden (Aller)
20%
Saarland39.412Völklingen
20%
Niedersachsen33.685Uelzen
19%
NRW25.382Verl
18%
NRW81.564Velbert
17%
Baden-Württemberg29.307Vaihingen an der Enz
12%
Hessen34.281Viernheim
10%
Bayern28.824Unterschleißheim
7%
NRW36.047Voerde (Niederrhein)
7%
Bayern24.789Vaterstetten
6%

Verteilung der Resultate

Perzentil nach korrekt beantworteten Fragen

Anzahl Personen mit jedem Resultat

Ihre Resultats-Entwicklung

Sie haben dieses Quiz noch nicht gespielt